British Aerospace Plc v SOS Environment and SOS Transport (Record no. 54929)

MARC details
000 -LEADER
fixed length control field 01725cab a2200289 4500
001 - CONTROL NUMBER
control field ABS58938
008 - FIXED-LENGTH DATA ELEMENTS--GENERAL INFORMATION
fixed length control field 090401t1998 xxu||||| |||| 00| 0 eng d
035 ## - SYSTEM CONTROL NUMBER
System control number (Sirsi) u87142
041 ## - LANGUAGE CODE
Language code of text/sound track or separate title eng
245 ## - TITLE STATEMENT
Title British Aerospace Plc v SOS Environment and SOS Transport
260 ## - PUBLICATION, DISTRIBUTION, ETC.
Date of publication, distribution, etc. 1998
350 ## - PRICE (NR) (BK AM CF MU VM SE) [OBSOLETE]
Price 0
490 ## - SERIES STATEMENT
Series statement Property and Compensation Reports
Volume/sequential designation (1998) 75 PCR 486-499(14)
520 ## - SUMMARY, ETC.
Summary, etc. QBD 13 June 1997. The applicants (B) sought planning permissin for an airport on land with an existing aviation-related use with a ceiling od 23,000 air traffic movements per year. A public inquiry was held in 1994 at which the inspector recommended refusal of the permission. B challenged the decision on the grounds that it was unlawful to take into account future increases in the scale of the airport when they had agreed to having their permitted development rights restricted and that it was not clear from the inspectors report how the finding of unacceptable noise intrusion related to the specific technical evidence or established critieria in PPG24. The application was dismissed on the grounds that the potential expansion of a proposal is capable of being a material cpmsideration in an appeal and that the Inspector was entitled to reach his own conclusions on the noise issue even if this conflicted with the technical evidence.
650 ## - SUBJECT ADDED ENTRY--TOPICAL TERM
Topical term or geographic name entry element AIRPORTS
650 ## - SUBJECT ADDED ENTRY--TOPICAL TERM
Topical term or geographic name entry element BRISTOL
650 ## - SUBJECT ADDED ENTRY--TOPICAL TERM
Topical term or geographic name entry element BRITISH AEROSPACE PLS V SOS ENVIRONMENT AND SOS TRANSPORT
650 ## - SUBJECT ADDED ENTRY--TOPICAL TERM
Topical term or geographic name entry element EXPANSION
650 ## - SUBJECT ADDED ENTRY--TOPICAL TERM
Topical term or geographic name entry element FILTON
650 ## - SUBJECT ADDED ENTRY--TOPICAL TERM
Topical term or geographic name entry element NOISE LEVELS
650 ## - SUBJECT ADDED ENTRY--TOPICAL TERM
Topical term or geographic name entry element PERMITTED DEVELOPMENT RIGHTS
650 ## - SUBJECT ADDED ENTRY--TOPICAL TERM
Topical term or geographic name entry element PPG24
650 ## - SUBJECT ADDED ENTRY--TOPICAL TERM
Topical term or geographic name entry element PUBLIC INQUIRY
690 ## - LOCAL SUBJECT ADDED ENTRY--TOPICAL TERM (OCLC, RLIN)
Topical term or geographic name as entry element PLANNING LAW AND PRACTICE-CASE LAW
942 ## - ADDED ENTRY ELEMENTS (KOHA)
Suppress in OPAC 0
948 ## - LOCAL PROCESSING INFORMATION (OCLC); SERIES PART DESIGNATOR (RLIN)
c (OCLC) 02/07/1998
Holdings
Withdrawn status Lost status Source of classification or shelving scheme Damaged status Not for loan Home library Current library Shelving location Date acquired Total Checkouts Full call number Barcode Date last seen Copy number Price effective from Koha item type
    Dewey Decimal Classification     London London Journal article 14/09/1999   ABS58938 87142-1001 06/08/2019 1 06/08/2019 Law report